| 000 | 01246nmc a2200385 a 4500 | ||
|---|---|---|---|
| 003 | AR-BaBNM | ||
| 005 | 20251128203033.0 | ||
| 008 | 166119s1972 ||||||||||||||000 | spa|| | ||
| 040 | _cAR-BaBNM | ||
| 100 | 1 | _aWeinberg, Carl | |
| 245 | 1 | 0 |
_aOrientación educacional _bsus fundamentos sociales |
| 250 | _a1ª ed. | ||
| 260 |
_aBuenos Aires _bPaidós _c1972 |
||
| 300 | 0 | _a333 p. | |
| 490 | 0 |
_aBiblioteca de Psicología y Sociología aplicadas. Fundamental _vv. 11 |
|
| 500 | 0 | _aContiene referencias bibliográficas en notas a pie de página | |
| 650 | 4 | _aPSICOLOGIA DE LA EDUCACION | |
| 650 | 4 | _aTEORIAS DE LA ORIENTACION | |
| 650 | 4 | _aFUNCIONES DE LA ORIENTACION | |
| 650 | 4 | _aOBJETIVOS DE LA ORIENTACION | |
| 650 | 4 | _aDIFERENCIAS INDIVIDUALES | |
| 650 | 4 | _aDIFERENCIACION SOCIAL | |
| 650 | 4 | _aDIFERENCIACION CULTURAL | |
| 650 | 4 | _aSERVICIOS DE ORIENTACION | |
| 653 | 0 | _aORIENTACION EDUCATIVA | |
| 653 | 0 | _aINTERACCION EDUCATIVA | |
| 653 | 0 | _aFRACASO ESCOLAR | |
| 653 | 0 | _aGABINETES PSICOPEDAGOGICOS | |
| 700 | 1 |
_aNasatir, David _ecolaborador |
|
| 700 | 1 |
_aSpeizman, William Lewis _ecolaborador |
|
| 700 | 1 |
_aMcHugh, Peter _ecolaborador |
|
| 700 | 1 |
_aMasciliano, Miguel _etraductor |
|
| 942 | _cBK | ||
| 998 | _cSILVI | ||
| 999 |
_c1615 _d1615 |
||